000 00694nam a2200241 a 4500
001 000027543
003 DO-SdBNP
005 20230113103749.0
007 ta
008 110401s1971 dr 000 0 spa d
040 _aDO-SdBNP
_bspa
_cBNPHU
082 _a972.904
_bF825h, 1971
_222
100 1 _aFranco, José L.
_947308
245 1 0 _aHistoria de la Revolución de Haití. /
_cJosé L. Franco ; prólogo Franklin J. Franco.
250 _a2a ed.
260 _aSanto Domingo :
_bNacional,
_c1971.
300 _a306 p. ;
_c22 cm.
504 _aBibliografía : p. 303-306
590 _aInventariado, 2023 /DG
700 1 2 _aFranco, Franklin J.
_919014
910 _aDG
942 _2ddc
_cLBS1
999 _c27035
_d27035